000 01076nam a2200277Ia 4500
003 OSt
005 20221005104628.0
006 a|||||r|||| 00| 0
007 ta
008 221004b |||||||| |||| 00| 0 hin d
020 _a9789388211215 (hbk)
_cINR 400.00
024 _a43289
037 _bBR/7268, 16/02/2019, Rajkamal Prakashan Pvt. Ltd.
_cTextual
040 _aCRL
_cCRL
_bhin
041 _2hin
_ahin
082 _aO152,1x, Q8
100 _aकृष्णकान्त, ‘एकलव्य’, ले.
245 0 _aविश्वरथ
_b विश्वमित्र
246 _aVishvaratha: vishvamitra
260 _aदिल्ली
_bलोकभारती प्रकाशन भारत
_c2018
300 _a199पृ0
_ccm.
650 _a हिन्दी साहित्य
650 _aहिन्दी कविता
942 _hO152,1x, Q8
_cTEXL
_2cc
999 _c1013289
_d1013289